| 000 | 00431cam a2200169 a 4500 | ||
|---|---|---|---|
| 020 | _a0028240650 | ||
| 040 | _cWaS | ||
| 082 | _a513 GLE 1993 A024 Or. | ||
| 245 | 0 | 0 |
_aMathematics. _bapplications and connections / |
| 250 | _a[Student ed.] | ||
| 260 |
_aNew York : _bGlencoe, _cc1993 |
||
| 300 |
_axx, 657 p. : _bcol. ill. ; _c27 cm. |
||
| 500 | _aIncludes index. | ||
| 650 | 0 | _aMathematics | |
| 700 | 1 | _aBalch, Kay | |
| 942 | _cEK | ||
| 999 |
_c13802 _d13802 |
||